000 01364cam a2200361 i 4500
001 28560
003 Mx-PuUPA
005 20251127195804.0
008 140415s1977 mx gr 000 0 spa d
020 _a9681303458
040 _aMx-PuUPA
_bspa
_cMx-PuUPA
_dMx-PuUPA
_erda
041 1 _aspa
_heng
100 1 _aGordon, Thomas,
_d1918-2002
_917704
_eautor
240 1 0 _aP.E.T. parent efectiveness training.
_lEspañol
245 1 0 _aPET :
_bpadres eficaz y técnicamente preprados /
_hDr. Thomas Gordon ; traducción, guadalupe García de León del Paso
250 _aPrimera edición /
_bfebrero
264 1 _aMéxico, D.F. :
_bEditorial Diana,
_c©1977
300 _a307 páginas ;
_c21 cm
336 _2rdacontent
_atexto
_btxt
337 _2rdamedia
_asin medio
_bn
338 _2rdacarrier
_avolumen
_bnc
500 _a"Nuevo sistema comprobado para formar hijos responsables". -- Cubierta
650 7 _2armarc
_aEducación en familia
650 7 _2armarc
_aCrianza de niños
650 7 _2armarc
_aPadres e hijos
650 7 _2armarc
_aEducación de padres
700 1 _aGarcía de León del Paso, Guadalupe,
_etraductor
740 _aPARENT EFECTIVENESS TRAINING
765 _aGordon, Thomas, 1918-2002
_tP.E.T. parent efectiveness training.
942 _2ddc
_cLI
_h649.1
_iG6618
999 _c28560
_d28560